Concepts and models for drug permeability studies: cell and tissue based in vitro culture models (Record no. 31132)
[ view plain ]
| 000 -LEADER | |
|---|---|
| fixed length control field | 00759nam a2200181 a 4500 |
| 008 - FIXED-LENGTH DATA ELEMENTS--GENERAL INFORMATION | |
| fixed length control field | 170329s2016 ||||||||||||||||| || u |
| 020 ## - INTERNATIONAL STANDARD BOOK NUMBER | |
| International Standard Book Number | 9780081000946 |
| 050 ## - LIBRARY OF CONGRESS CALL NUMBER | |
| Classification number | RM 301.4 |
| 100 ## - MAIN ENTRY--PERSONAL NAME | |
| Personal name | Sarmento, Bruno |
| 245 10 - TITLE STATEMENT | |
| Title | Concepts and models for drug permeability studies: cell and tissue based in vitro culture models |
| Statement of responsibility, etc. | Edited By Bruno Sarmento |
| 260 ## - PUBLICATION, DISTRIBUTION, ETC. | |
| Place of publication, distribution, etc. | Amsterdam: |
| Name of publisher, distributor, etc. | Elsevier |
| Date of publication, distribution, etc. | 2016 |
| 300 ## - PHYSICAL DESCRIPTION | |
| Extent | xxii, 385p.: ill. |
| 350 ## - | |
| -- | 210.00 |
| 490 ## - | |
| -- | Woodhead publishing series in biomedicine |
| 650 ## - SUBJECT ADDED ENTRY--TOPICAL TERM | |
| Topical term or geographic name entry element | BIOPHARMACEUTICS |
| 650 ## - SUBJECT ADDED ENTRY--TOPICAL TERM | |
| Topical term or geographic name entry element | DRUG DELIVERY SYSTEMS |
| 995 ## - | |
| -- | MICHAEL CHILUFYA SATA OPEN ACCESS |
| -- | 903858 |
| -- | CBU-SCHOOL OF MEDICINE LIBRARY (Ndola) |
| -- | 210.00 |
| -- | RM 301.4 Con |
| -- | 1 |
| -- | AVAILABLE |
| -- | Mar 29, 2017 |
| -- | 903858 |
| -- | Medical Library Open Access Collection |
| 999 ## - | |
| -- | 31132 |
| -- | 31132 |
| Withdrawn status | Lost status | Source of classification or shelving scheme | Damaged status | Not for loan | Permanent Location | Current Location | Shelving location | Date acquired | Total Checkouts | Full call number | Barcode | Date last seen | Price effective from | Koha item type |
|---|---|---|---|---|---|---|---|---|---|---|---|---|---|---|
| CBU-SCHOOL OF MEDICINE LIBRARY, NDOLA. | CBU-SCHOOL OF MEDICINE LIBRARY, NDOLA. | 11/30/2022 | RM 301.4 | 903858 | 11/30/2022 | 11/30/2022 | MONOGRAPH |